000 01418nam a2200301 a 4500
003 BLK
005 20250530135145.0
007 ta
008 221104b bu |||||r|||| 00| | bu d
020 _a9786192407360
040 _aBLK
041 _aBUL
_cBUL
080 _9232127
_aИталианска литература
_b821.131.1
_x-93-91
_z821.131.1-93-91
084 _aЛ 46
100 _9487615
_aЛеонарди Хартли, Стефания
245 _aКласически приказки
_cлит. обраб. Стефания Леонарди Хартли; прев. Мария Михайлова; ил. Джорджа Брозегини и др.
260 _9209558
_aСофия
_bПАН
_c2023
_fКитай
300 _a124 с.
_bс цв. ил.
_c28 см
380 _aDX
490 _9496921
_aМоите златни истории
500 _aДруги ил.: Фабиано Фиорин, Елена Яруси, Алесандра Фузи, Мария Рита Джентили, Арианна Никора, Роберто Ираче, Катя Лонги, Джулия Баратела, Джовани Абейле
700 _9381507
_aМихайлова, Мария Атанасова
_eпрев.
852 _aЦб ІІ 33312
_bЦб
856 _i0.00
_ldisable
942 _cKNG
_n0
_06
944 _cМоника Янева
_k30564
_lАнна Гръцманова
999 _c517592
_d517592
999 _d517592